00929cam a2200217 a 450000100100000000500170001000800410002704000250006808200200009310000360011324500680014926000470021730000280026450000660029265000360035865000370039404900090043195201240044095201300056499900170069400001888320200929165857.0100520s1989 pr a 000 p spa  aDO-SdBNPbspacBNPHU aPR861.44bL453g1 aLebrón, Lolita,d1920-94066110aGrito primoroso :bpoema de Lolita Lebrón /cLolita Lebrón. aSan Juan, (Puerto Rico) :bMairena,c1989. a255 p. :bil. ;c21 cm. aIncluye datos biográficos de la autora en la contraportada. 4aPoesía puertorriqueña91015 4aLiteratura puertorriqueña9250 aBNGR 001054708MOaGRbGRcCTd2010-05-20iLF1l0oPR861.44 L453gp18883-10r2020-06-25w2020-06-25y4ZPréstamo en sala 001054728MOaGRbGRcCTd2010-06-24iLF1l0oPR861.44 L453gp18883-20r2020-06-25te. 2w2020-06-25y4ZPréstamo en sala c18401d18401